Data Communications and Teleprocessing Systems

Na minha lista:
Detalhes bibliográficos
Autor principal: Housley, Trevor
Formato: Livro
Idioma:inglês
Publicado em: Englewood Cliffs Prentice-Hall 1987
Edição:2. ed.
Assuntos:
Tags: Adicionar Tag
Sem tags, seja o primeiro a adicionar uma tag!

MARC

LEADER 00000nam a2200000 4500
001 c004875
005 20221221074535.6
020 |a 0-13-197393-2 
041 0 |a eng 
044 |a US 
245 1 0 |a Data Communications and Teleprocessing Systems  |c Trevor Housley 
250 |a 2. ed. 
264 1 |a Englewood Cliffs  |b Prentice-Hall  |c 1987 
300 |a 474 s. 
610 2 0 |a prenos dát 
610 2 0 |a siete počítačové 
610 2 0 |a hardvér 
610 2 0 |a plánovanie 
610 2 0 |a manažment 
610 2 0 |a štatistika 
100 1 |a Housley, Trevor